Geeta sundaram: (Record no. 64258)

000 -LEADER
fixed length control field 00366nam a22001457a 4500
082 ## - DEWEY DECIMAL CLASSIFICATION NUMBER
Classification number T 781.3
Item number SUN/G
100 ## - MAIN ENTRY--AUTHOR NAME
Personal name Sundaram P M
245 ## - TITLE STATEMENT
Title Geeta sundaram:
Sub Title musical compositions of gurukrupa/
Statement of responsibility, etc by Sundaram P M
260 ## - PUBLICATION, DISTRIBUTION, ETC. (IMPRINT)
Place of publication Chennai:
Name of publisher P P Printers,
Year of publication 2008.
300 ## - PHYSICAL DESCRIPTION
Number of Pages 244p.
650 ## - SUBJECT ADDED ENTRY--TOPICAL TERM
Topical Term Compositions Music
650 ## - SUBJECT ADDED ENTRY--TOPICAL TERM
Topical Term Music
650 ## - SUBJECT ADDED ENTRY--TOPICAL TERM
Topical Term Arts
942 ## - ADDED ENTRY ELEMENTS (KOHA)
Koha item type Book
Holdings
Withdrawn status Lost status Damaged status Not for loan Permanent Location Current Location Shelving location Date acquired Cost, normal purchase price Full call number Accession Number Price effective from Koha item type
        Sree Sankaracharya University of Sanskrit Sree Sankaracharya University of Sanskrit Stacks 07.02.2017 150.00 T 781.3 SUN/G 082694 07.02.2017 Book